Control de la producción: sistemas y decisiones

I tiakina i:
Ngā taipitopito rārangi puna kōrero
Kaituhi matua: Greene, James Harmsbeger (Author)
Hōputu: Pukapuka
Reo:Pāniora
I whakaputaina: Ciudad de México Diana 1968
Putanga:1a. ed
Ngā marau:
Ngā Tūtohu: Tāpirihia he Tūtohu
Kāore He Tūtohu, Me noho koe te mea tuatahi ki te tūtohu i tēnei pūkete!

MARC

LEADER 00000nam a2200000 a 4500
001 UCK6547
003 CL-VaPUC
008 051007e19680000MX |||||||||||||||||spa|d
082 0 4 |a 658.787  |b GRE  |2 21 
100 |a Greene, James Harmsbeger  |e author  |9 495917 
245 1 0 |a Control de la producción: sistemas y decisiones 
250 |a 1a. ed 
300 |a 710 p 
942 |c BK 
945 |d 20051007 00:00:00  |a cmena 
260 |a Ciudad de México  |b Diana  |c 1968 
650 0 |a Gestión de la producción   |9 259467 
650 7 |a CONTROL DE PRODUCCION  |2 CL-VaPUC  |9 271421 
650 0 |a Toma de decisiones   |9 257530 
583 |a last modification  |c 20051007 00:00:00  |k Rodrigo Vera 
999 |c 314824  |d 314822